01257nam a22003137a 4500003000400000005001700004008004100021040002200062082001800084100003200102245005100134260004300185300001900228366000800247490001300255505020500268505002100473505001700494505002700511650004100538650005000579650004400629650004800673650004300721650004200764650004300806650004700849650004700896OSt20230427090325.0221006b |||||||| |||| 00| 0 eng d cBiblioteca Lado V a709.03bA287c aAhrweiler, Heleneedirector aLes Cahiers/bDu Musee National D'Art Moderne/ bCentre Georges PompidouaFranciac1989 c19x26cma136p. efre a28v1989 tTextesaJean-Hubert Martin e Benjamin Buchloh Fumio Nanjo John Mundine Jyotindra Jain Louis Perrois Carlo Severi Sally Price James Clifford Jean Fisher Yves Michaud Guy Brett Lucy Lippard  tNotes de Lecture tVie Du Musee tSupplement Catalogus 4 2Tesauro de Arte & ArquitecturaaARTE 2Tesauro de Arte & ArquitecturaaEXPOSICIONES  2Tesauro de Arte & ArquitecturaaCULTURA 2Tesauro de Arte & ArquitecturaaAPRECIACION 2Tesauro de Arte & ArquitecturaaTEORIA 2Tesauro de Arte & ArquitecturaaVIDEO 2Tesauro de Arte & ArquitecturaaMUSICA 2Tesauro de Arte & ArquitecturaaLITERATURA 2Tesauro de Arte & ArquitecturaaCOSTA RICA